000 00981nam0a22002651 4500
001 rc\481339
005 20250621101839.0
010 _a5-06-001272-7
_920000
035 _a(NLR Aleph) 005724155
090 _a7510616
_c7510616
100 _a20030616d1988 |||y0rusy50 ca
101 0 _arus
102 _aRU
105 _ay |||||||||
200 1 _aМетодика выполнения курсовых проектов и работ
_e[Учеб. пособие для радиотехн. спец. вузов
_fЮ.П. Анискин и др.]
_gПод ред. Ю.М. Солдака
210 _aМ.
_cВысш. школа
_d1988
215 _a199, [1] с.
_d21
320 _aБиблиогр.: с. 198-199 (36 назв.)
702 1 _aСолдак
_bЮ.М.
_gЮрий Максимович
_4340
702 1 _aАнискин
_bЮ.П.
_gЮрий Петрович
_4220
801 0 _aRU
_bNLR
_gpsbo
801 1 _aRU
_bELAR
_2rusmarc
852 _aNLR
_j88-3/13619
942 _cBOOK
980 _aNB